1181 1248 1179 1253 1672 1206 1378 1608 1671 1072 1586 1347 1173 1194 1701 1037 1037 1529 1535 1231 1396 1378 1816 1338 1612 1334 1560 1166 1600 1138 1804 1182 1461 1058 1494 1203 1728 1664 1566 1029 1413 1377 1044 1708 1903 1945 1021 1549 1838 1478 1897 1222 1261 1168 1888 1006 1561 1273 1927 1250 1827 1537 1322 1330 1692 1492 1489 1213 1599 1579 1579 1788 1970 1747 1041 1725 1192 1717 1346 1674 1855 1628 1880 1094 1222 1966 1258 1942 1815 1122 1685 1725 1109 1391 1487 1495 1230 1685 1964 BCNSPRNW ULIB Ver.6.0+V

เปลี่ยนเป็นภาษาไทย

Change to English
 แสดงรายละเอียดบรรณานุกรม
  กลับหน้าหลัก

Brief Record : Get Marc (ISO 2709) : E-mail record : QR code < ปิดหน้าต่าง
LEADER : 00000nam 2200000uu 4500
001    13399113497
003     ULIB
008    110627s2552||||th 000 0 tha d
020    9786110600804
090    นว.^bป523ฟ 2552
100 0  ปัญญ์ปรียา
245 00 ฟ้าพราวระยับ/^cปัญญ์ปรียา
250    พิมพ์ครั้งที่ 2
260    กรุงเทพฯ :^bแจ่มใส,^c2552
300    393 หน้า
710 1  แจ่มใส
945    ^p239^l0^i026534
995    ทศพร
999 ^a ใช้งานได้ทุกระบบ
รายการนี้ยังไม่มีแท็ก
คุณยังไม่ได้ล็อกอิน คุณสามารถมีกิจกรรมร่วมกับเว็บไซต์ได้ แต่ต้องล็อกอินก่อน ::
  ล็อกอิน

รายการสื่อสารสนเทศ

ลำดับที่ ประเภท เลขเรียก/บาร์โค้ด สถานที่ สถานะ
1. นวนิยาย
นวนิยาย
นว. ป523ฟ 2552 ฉ.1 
  Barcode: 026534
ห้องสมุดวิทยาเขตสวรรค์ประชารักษ์
►นวนิยาย
บนชั้น
  ขอยืม

รายการใกล้เคียง
    ผู้แต่ง [ปัญญ์ปรียา]

BibComment


ยังไม่เคยถูกคอมเมนท์

คอมเมนท์ทรัพยากรรายการนี้
  คอมเมนท์: ฟ้าพราวระยับ ปัญญ..


 Copyright 2026. Bcnsprnw @Library